00000000nam 2200000zi 4500
0019.843597
003CaOODSP
00520250507085346
006m     o  d f      
007cr mn|||||||||
008170914e201608##onca    ob   f000 0 eng d
040 |aCaOODSP|beng|erda|cCaOODSP
043 |an-cn---
0861 |aD97-3/111-2016E-PDF
24500|aCryptographic algorithms for UNCLASSIFIED, PROTECTED A, and PROTECTED B information.
250 |a[First release].
264 1|a[Ottawa] : |bCommunications Security Establishment = Centre de la sécurité des télécommunications, |cAugust 2016.
300 |a1 online resource (24 pages) : |bcolour illustration.
336 |atext|btxt|2rdacontent
337 |acomputer|bc|2rdamedia
338 |aonline resource|bcr|2rdacarrier
4901 |aPractitioner series : information technology security guidance ; |vITSP.40.111
500 |aIssued also in French under title: Algorithmes cryptographiques pour l'information NON CLASSIFIÉ, PROTÉGÉ A et PROTÉGÉ B.
500 |aEdition statement supplied from Version 2.
504 |aIncludes bibliographical references.
520 |a"The Government of Canada's (GC) ability to protect sensitive data and information is fundamental to the delivery of programs and services. Cryptography provides security mechanisms which can be used to protect the authenticity, confidentiality, and integrity of GC information. Data authenticity, confidentiality and integrity, stakeholder authentication and accountability, and non-repudiation are all benefits of properly configured cryptography. Several algorithms may be required to satisfy these security requirements, and each algorithm should be selected and implemented to ensure these requirements are met. The information in this publication identifies and describes approved cryptographic algorithms and appropriate methods of use to protect the confidentiality of PROTECTED A and PROTECTED B information and the integrity of information to the medium injury level as defined in CSE's ITSG-33 IT Security Risk Management: A Lifecycle Approach"--Overview, page 3.
650 0|aElectronic government information|xAccess control|zCanada.
650 0|aData protection|zCanada.
650 0|aData encryption (Computer science)|zCanada.
650 0|aComputer algorithms.
7102 |aCommunications Security Establishment (Canada), |eissuing body
77508|tAlgorithmes cryptographiques pour l'information NON CLASSIFIÉ, PROTÉGÉ A et PROTÉGÉ B.|w(CaOODSP)9.843598
794 |tCryptographic algorithms for unclassified, protected A, and protected B information.|b(Version 2)|w(CaOODSP)9.914450
830#0|aPractitioner series (Communications Security Establishment (Canada))|vITSP.40.111.|w(CaOODSP)9.842846
85640|qPDF|s474 KB|uhttps://publications.gc.ca/collections/collection_2017/cstc-csec/D97-3-111-2016-eng.pdf
8564 |qHTML|sN/A|uhttps://cyber.gc.ca/en/guidance/cryptographic-algorithms-unclassified-protected-and-protected-b-information-itsp40111